[Event "ICS rated standard match"]
[Site "204.178.125.65"]
[Date "2001.07.02"]
[Round "?"]
[White "Hossa"]
[Black "javierperu76"]
[Result "1-0"]
[WhiteElo "2305"]
[BlackElo "2100"]
[PlyCount "119"]
[EventDate "2001.??.??"]

1. d4 Nf6 2. c4 e6 3. Nc3 Bb4 4. e3 b6 5. Bd3 Bb7 6. Nf3 Ne4 7. Qc2 f5 8. a3
Bxc3+ 9. bxc3 d6 10. Bb2 Nd7 11. h4 Ndf6 12. Ng5 Nxg5 13. hxg5 Ne4 14. g6 h6
15. f3 Nf6 16. a4 c5 17. Qf2 Qd7 18. Ra3 Bc6 19. Bc2 a6 20. Qh4 O-O 21. Bc1 e5
22. a5 b5 23. cxb5 Bxb5 24. c4 Bc6 25. d5 Bb7 26. Bd2 Rab8 27. Ba4 Qc7 28. Bc3
Bc8 29. O-O Bd7 30. Bc2 Qc8 31. f4 e4 32. Bd1 Qe8 33. Bh5 Ba4 34. Rc1 Bb3 35.
Be2 Qxg6 36. Rb1 Bc2 37. Rb6 Bd3 38. Bxd3 exd3 39. Bxf6 Qxf6 40. Qxf6 gxf6 41.
Rxd3 Rxb6 42. axb6 Rb8 43. Rb3 Kf7 44. Kf2 a5 45. Kf3 a4 46. Ra3 Rxb6 47. Rxa4
Rb7 48. Ra6 Ke7 49. Ra8 Rb4 50. Ra7+ Ke8 51. Rh7 Rxc4 52. Rxh6 Ke7 53. Rh7+ Ke8
54. Rh5 Rb4 55. Rxf5 c4 56. Rxf6 c3 57. Ke2 Rc4 58. Kd1 Rc5 59. Rxd6 Rc4 60.
Rc6 {javierperu76 resigns} 1-0

[Event "ICS rated standard match"]
[Site "204.178.125.65"]
[Date "2001.07.02"]
[Round "?"]
[White "javierperu76"]
[Black "Hossa"]
[Result "0-1"]
[WhiteElo "2005"]
[BlackElo "2305"]
[PlyCount "72"]
[EventDate "2001.??.??"]

1. d4 d5 2. Nf3 Nf6 3. g3 Bg4 4. Bg2 c6 5. O-O e6 6. c4 dxc4 7. Nbd2 Qd5 8. Ne5
Qxd4 9. Ndxc4 Qxd1 10. Rxd1 Bxe2 11. Re1 Bxc4 12. Nxc4 Bc5 13. Be3 Bxe3 14.
Rxe3 Ke7 15. Na5 Nd5 16. Re2 b6 17. Nc4 Nd7 18. f4 a5 19. f5 b5 20. Nd2 Nc5 21.
fxe6 fxe6 22. a3 Rhf8 23. Rae1 Kd6 24. Nf3 Rae8 25. Nd4 e5 26. Nc2 Nb3 27. Rd1
g6 28. Re3 a4 29. Bxd5 cxd5 30. Red3 d4 31. Re3 Na5 32. Re4 Nc4 33. Nxd4 exd4
34. Rexd4+ Kc6 35. Rh4 h5 36. Rc1 Re2 {javierperu76 resigns} 0-1

[Event "ICS rated standard match"]
[Site "204.178.125.65"]
[Date "2001.07.02"]
[Round "?"]
[White "Hossa"]
[Black "caco"]
[Result "1-0"]
[WhiteElo "2305"]
[BlackElo "1815"]
[PlyCount "42"]
[EventDate "2001.??.??"]

1. d4 d5 2. c4 Nf6 3. cxd5 Nxd5 4. e4 Nf6 5. Bd3 Bg4 6. f3 Bh5 7. Ne2 e6 8. Qb3
b6 9. Bg5 Be7 10. Bxf6 Bxf6 11. Qb5+ c6 12. Qxh5 Bxd4 13. a4 O-O 14. Bc4 Bxb2
15. Ra2 Bd4 16. Rd2 c5 17. Nxd4 cxd4 18. O-O e5 19. Qxe5 Nc6 20. Qd5 Qf6 21.
Bb5 Rad8 {caco resigns} 1-0

[Event "ICS Rated bullet match"]
[Site "204.178.125.65"]
[Date "2001.07.02"]
[Round "?"]
[White "FRA"]
[Black "Hossa"]
[Result "0-1"]
[WhiteElo "1773"]
[BlackElo "2447"]
[PlyCount "62"]
[EventDate "2001.??.??"]

1. f4 d5 2. Nf3 g6 3. e3 Bg7 4. d4 Nf6 5. c3 O-O 6. Bd3 Nc6 7. Nbd2 Bd7 8. O-O
Bg4 9. h3 Bd7 10. Ne5 Rb8 11. Qe2 Qc8 12. e4 Nxe4 13. Nxe4 dxe4 14. Bxe4 Nd8
15. Nxd7 Qxd7 16. f5 Ra8 17. Qf3 c6 18. Bg5 h6 19. Bd2 c5 20. Rae1 cxd4 21.
cxd4 Bxd4+ 22. Kh1 g5 23. f6 Bxf6 24. Qf5 Qxf5 25. Bxf5 Nc6 26. Bc3 Bxc3 27.
bxc3 Rad8 28. Be4 e6 29. Bxc6 bxc6 30. Rb1 Rd2 31. Rb7 Rxa2 {FRA resigns} 0-1

[Event "ICS rated bullet match"]
[Site "204.178.125.65"]
[Date "2001.07.02"]
[Round "?"]
[White "Hossa"]
[Black "FRA"]
[Result "1-0"]
[WhiteElo "2448"]
[BlackElo "1772"]
[PlyCount "37"]
[EventDate "2001.??.??"]

1. d4 f5 2. g3 Nf6 3. Bg2 e6 4. Nh3 d5 5. O-O c6 6. c3 Bd6 7. Bg5 Nbd7 8. Nd2
O-O 9. Qc2 Qe8 10. Nf3 Ne4 11. Rfe1 Nxg5 12. Nhxg5 h6 13. Nh3 Nf6 14. Nf4 Bd7
15. Nd3 Ne4 16. Nfe5 Kh7 17. Qb3 Qe7 18. Qxb7 Rad8 19. Qxa7 {FRA resigns} 1-0

[Event "ICS rated standard match"]
[Site "204.178.125.65"]
[Date "2001.07.02"]
[Round "?"]
[White "hfyounis"]
[Black "Hossa"]
[Result "0-1"]
[WhiteElo "1897"]
[BlackElo "2307"]
[PlyCount "90"]
[EventDate "2001.??.??"]

1. e4 c5 2. Nf3 d6 3. d4 Nf6 4. Nc3 cxd4 5. Nxd4 Nc6 6. Be2 e5 7. Nb3 Be7 8.
Be3 O-O 9. Qd2 Ng4 10. Bxg4 Bxg4 11. f3 Be6 12. O-O-O Bxb3 13. cxb3 Qa5 14. Kb1
f5 15. exf5 Rxf5 16. Qd5+ Qxd5 17. Nxd5 Kf7 18. Rd2 Rc8 19. Rhd1 Bg5 20. a3 Nd4
21. Ka2 Bxe3 22. Nxe3 Rh5 23. h3 Ke6 24. Nc4 Rh4 25. a4 d5 26. Ne3 Rf4 27. Ng4
Nc6 28. Ka3 Rd4 29. Ne3 Rxd2 30. Rxd2 Nd4 31. f4 Rc1 32. Ka2 exf4 33. Ng4 Ra1+
34. Kxa1 Nxb3+ 35. Ka2 Nxd2 36. b4 Nc4 37. Kb3 Kd6 38. Nf2 Ne3 39. Nd3 Nxg2 40.
b5 f3 41. Kb4 Nf4 42. Nf2 Ke5 43. Kc5 Ne6+ 44. Kb4 Kf4 45. a5 Kg3 {
hfyounis resigns} 0-1

[Event "ICS rated bullet match"]
[Site "204.178.125.65"]
[Date "2001.07.02"]
[Round "?"]
[White "RubberSoul"]
[Black "Hossa"]
[Result "0-1"]
[WhiteElo "1862"]
[BlackElo "2449"]
[PlyCount "50"]
[EventDate "2001.??.??"]

1. e4 c5 2. d4 cxd4 3. Nf3 e6 4. c3 dxc3 5. Nxc3 Bc5 6. Bc4 Ne7 7. O-O O-O 8.
Re1 d6 9. Bg5 f6 10. Bh4 Nbc6 11. Qb3 Na5 12. Qa4 Ng6 13. Bg3 Nxc4 14. Qxc4 Ne5
15. Nxe5 fxe5 16. Rad1 Bd7 17. Kh1 Bxf2 18. Bxf2 Rxf2 19. Rf1 Rxb2 20. Ne2 Rc8
21. Ng3 Rxc4 22. Nh5 Rxe4 23. Rg1 Rh4 24. Ng3 Rxh2+ 25. Kxh2 Qh4# {
RubberSoul checkmated} 0-1

[Event "ICS rated standard match"]
[Site "204.178.125.65"]
[Date "2001.07.02"]
[Round "?"]
[White "caco"]
[Black "Hossa"]
[Result "0-1"]
[WhiteElo "1820"]
[BlackElo "2310"]
[PlyCount "43"]
[EventDate "2001.??.??"]

1. e4 c5 2. Bc4 Nc6 3. f4 Na5 4. Bxf7+ Kxf7 5. Qh5+ g6 6. Qxc5 d6 7. Qc3 Bg7 8.
e5 dxe5 9. fxe5 Bf5 10. Nf3 Ke8 11. d4 Rc8 12. Qa3 Bxc2 13. O-O a6 14. Be3 Nc4
15. Qc3 Nxe5 16. Qxc8 Nxf3+ 17. Rxf3 Qxc8 18. Nc3 Qd7 19. Rc1 Bf5 20. Re1 Bxd4
21. Bxd4 Qxd4+ 22. Kh1 {caco resigns} 0-1

[Event "ICS rated standard match"]
[Site "204.178.125.65"]
[Date "2001.07.02"]
[Round "?"]
[White "Hossa"]
[Black "chris2000"]
[Result "1-0"]
[WhiteElo "2312"]
[BlackElo "1286"]
[PlyCount "33"]
[EventDate "2001.??.??"]

1. c4 d5 2. cxd5 Qxd5 3. Nc3 Qd8 4. d4 Nc6 5. Nf3 Bg4 6. d5 Na5 7. Qa4+ c6 8.
dxc6 bxc6 9. Qxg4 Nf6 10. Qa4 Qc7 11. Bf4 Qb6 12. b4 Nb7 13. Ne5 Nd8 14. e3 e6
15. a3 Bd6 16. Nc4 Qb7 17. Nxd6+ {chris2000 resigns} 1-0

[Event "ICS rated blitz match"]
[Site "204.178.125.65"]
[Date "2001.07.02"]
[Round "?"]
[White "Malukulu"]
[Black "Hossa"]
[Result "1-0"]
[WhiteElo "2694"]
[BlackElo "2523"]
[PlyCount "81"]
[EventDate "2001.??.??"]

1. Nf3 Nf6 2. c4 e6 3. Nc3 Bb4 4. Qc2 b6 5. g3 Ba6 6. a3 Bxc3 7. Qxc3 O-O 8. d3
d5 9. Bg5 c5 10. cxd5 exd5 11. Bxf6 Qxf6 12. Qxf6 gxf6 13. b4 Re8 14. bxc5 Bxd3
15. cxb6 axb6 16. Kd2 Be4 17. Bh3 Ra4 18. Rhc1 Bxf3 19. exf3 Rd4+ 20. Kc3 Rc4+
21. Kd3 b5 22. Bf1 Nc6 23. Kd2 Rxc1 24. Rxc1 Ne5 25. Bxb5 Nxf3+ 26. Kd3 Re4 27.
Rc5 Ne1+ 28. Kc3 Re5 29. a4 Nf3 30. a5 d4+ 31. Kb4 Re1 32. a6 Ra1 33. Rc8+ Kg7
34. Ba4 Ne1 35. a7 Nd3+ 36. Kb5 Nb2 37. a8=Q Kh6 38. Rg8 Rxa4 39. Qf8+ Kh5 40.
g4+ Kh4 41. Qh6# {Hossa checkmated} 1-0

[Event "ICS rated bullet match"]
[Site "204.178.125.65"]
[Date "2001.07.02"]
[Round "?"]
[White "Attila"]
[Black "Hossa"]
[Result "0-1"]
[WhiteElo "2088"]
[BlackElo "2450"]
[PlyCount "80"]
[EventDate "2001.??.??"]

1. e4 c5 2. c3 Nf6 3. e5 Nd5 4. d4 cxd4 5. Nf3 Nc6 6. Bc4 Nb6 7. Bb3 d5 8. exd6
Qxd6 9. O-O d3 10. Na3 Bf5 11. Nb5 Qd7 12. Nfd4 Nxd4 13. Nxd4 Bg6 14. f4 e6 15.
f5 Bxf5 16. Nxf5 exf5 17. Bg5 Bc5+ 18. Kh1 h6 19. Bh4 g5 20. Bf2 Bxf2 21. Rxf2
O-O-O 22. a4 Kb8 23. a5 Nc8 24. Rd2 b5 25. axb6 Nxb6 26. c4 Qd4 27. c5 Qxc5 28.
Rc1 Qd4 29. Rc3 Qe3 30. Rcxd3 Rxd3 31. Rxd3 Qe7 32. h3 Re8 33. Qc2 Qe1+ 34. Kh2
Rc8 35. Rc3 Qe5+ 36. Rg3 Rxc2 37. Bxc2 h5 38. Bxf5 h4 39. Bg4 hxg3+ 40. Kg1
Qe1# {Attila checkmated} 0-1

[Event "ICS rated standard match"]
[Site "204.178.125.65"]
[Date "2001.07.02"]
[Round "?"]
[White "EnGarde2"]
[Black "Hossa"]
[Result "1/2-1/2"]
[WhiteElo "2126"]
[BlackElo "2312"]
[PlyCount "58"]
[EventDate "2001.??.??"]

1. e4 c5 2. Nf3 d6 3. d4 Nf6 4. Nc3 cxd4 5. Nxd4 Nc6 6. Bg5 e6 7. Qd2 Be7 8.
O-O-O O-O 9. Nb3 Qb6 10. f3 Rd8 11. Kb1 d5 12. Bxf6 dxe4 13. Bxe7 Rxd2 14. Nxd2
exf3 15. Nc4 fxg2 16. Bxg2 Qc7 17. Bd6 Qd8 18. Bg3 Qf8 19. Bd6 Qd8 20. Bg3 Qe7
21. Bd6 Qh4 22. Bg3 Qxc4 23. Bxc6 h6 24. Be4 f5 25. Rd8+ Kh7 26. Bg2 Qb4 27.
Rhd1 Qe7 28. Be5 Qc5 29. Bg3 Qe7 {Game drawn by mutual agreement} 1/2-1/2

[Event "ICS rated bullet match"]
[Site "204.178.125.65"]
[Date "2001.07.02"]
[Round "?"]
[White "Hossa"]
[Black "federico"]
[Result "1-0"]
[WhiteElo "2454"]
[BlackElo "1828"]
[PlyCount "43"]
[EventDate "2001.??.??"]

1. d4 d5 2. c4 Nc6 3. cxd5 Qxd5 4. e3 e5 5. Nc3 Bb4 6. Bd2 Bxc3 7. Bxc3 exd4 8.
Ne2 Nf6 9. Nxd4 O-O 10. Nxc6 bxc6 11. Qc1 Bg4 12. f3 Bh5 13. Bxf6 gxf6 14. Bc4
Qa5+ 15. Kf2 Rfe8 16. Be2 Rad8 17. Qxc6 Qd2 18. Qc5 Qxb2 19. Qxh5 Rd2 20. Qg4+
Kh8 21. Qc4 Red8 22. Rhb1 {federico resigns} 1-0

[Event "ICS rated bullet match"]
[Site "204.178.125.65"]
[Date "2001.07.02"]
[Round "?"]
[White "Hossa"]
[Black "federico"]
[Result "1-0"]
[WhiteElo "2456"]
[BlackElo "1826"]
[PlyCount "53"]
[EventDate "2001.??.??"]

1. d4 d5 2. c4 c6 3. e3 e6 4. cxd5 exd5 5. Nf3 Nf6 6. Bd3 Bd6 7. Bd2 O-O 8. Qc2
Bg4 9. Ng5 h6 10. Nf3 Re8 11. Nc3 Nbd7 12. h3 Bxf3 13. gxf3 Nf8 14. O-O-O b5
15. h4 a5 16. Kb1 b4 17. Na4 Qc7 18. Rc1 Rec8 19. Rhg1 Ne6 20. Bf5 Rab8 21.
Bxe6 fxe6 22. Qg6 Qf7 23. Qxh6 c5 24. dxc5 Be5 25. Nb6 Rc6 26. Qg5 Kf8 27. Qxe5
{federico resigns} 1-0

[Event "ICS rated bullet match"]
[Site "204.178.125.65"]
[Date "2001.07.02"]
[Round "?"]
[White "federico"]
[Black "Hossa"]
[Result "0-1"]
[WhiteElo "1825"]
[BlackElo "2457"]
[PlyCount "34"]
[EventDate "2001.??.??"]

1. d4 e6 2. Bf4 d5 3. e3 Nd7 4. c3 c5 5. Nd2 cxd4 6. exd4 Ngf6 7. Ngf3 Qb6 8.
Qc2 Bd6 9. Bxd6 Qxd6 10. Bd3 e5 11. dxe5 Nxe5 12. O-O Nxd3 13. Qxd3 O-O 14. Nd4
Ng4 15. g3 Qh6 16. h4 Ne5 17. N2f3 Nxd3 {federico resigns} 0-1

[Event "ICS rated bullet match"]
[Site "204.178.125.65"]
[Date "2001.07.02"]
[Round "?"]
[White "Hossa"]
[Black "federico"]
[Result "1-0"]
[WhiteElo "2458"]
[BlackElo "1824"]
[PlyCount "49"]
[EventDate "2001.??.??"]

1. d4 d5 2. c4 e6 3. Nc3 Be7 4. Nf3 Nf6 5. Bg5 O-O 6. e3 c6 7. c5 h6 8. Bh4
Nbd7 9. Bd3 Re8 10. Bg3 Nh5 11. Bd6 Bxd6 12. cxd6 Nhf6 13. g4 Nb6 14. Ne5 Qxd6
15. h4 Nbd7 16. g5 Ne4 17. Bxe4 Nxe5 18. dxe5 Qxe5 19. f4 Qc7 20. Bc2 b6 21.
gxh6 e5 22. Rg1 exf4 23. Rxg7+ Kh8 24. e4 Rf8 25. Qd4 {federico resigns} 1-0

[Event "ICS rated bullet match"]
[Site "204.178.125.65"]
[Date "2001.07.02"]
[Round "?"]
[White "Hossa"]
[Black "federico"]
[Result "1-0"]
[WhiteElo "2462"]
[BlackElo "1820"]
[PlyCount "45"]
[EventDate "2001.??.??"]

1. d4 d5 2. c4 e6 3. Nc3 c6 4. e4 Bd6 5. cxd5 cxd5 6. exd5 exd5 7. Nxd5 Qa5+ 8.
Nc3 Nf6 9. Bb5+ Nc6 10. d5 Nxd5 11. Qxd5 O-O 12. Qxd6 Re8+ 13. Nge2 Bg4 14. f3
Rad8 15. Qg3 Nd4 16. Bxe8 Nxe2 17. Bxf7+ Kxf7 18. Kxe2 Re8+ 19. Be3 Qa6+ 20.
Kf2 Bf5 21. Bd4 Bg6 22. Qc7+ Kg8 23. Qxg7# {federico checkmated} 1-0

[Event "ICS rated blitz match"]
[Site "204.178.125.65"]
[Date "2001.07.02"]
[Round "?"]
[White "Hossa"]
[Black "coolcol"]
[Result "1-0"]
[WhiteElo "2514"]
[BlackElo "1257"]
[PlyCount "24"]
[EventDate "2001.??.??"]

1. d4 d5 2. e3 Nc6 3. Nf3 Bg4 4. c4 e5 5. cxd5 Qxd5 6. Nc3 Qa5 7. Be2 exd4 8.
Nxd4 Bxe2 9. Qxe2 Qc5 10. Ncb5 Nxd4 11. exd4+ Qe7 12. Nxc7+ Kd8 {
coolcol resigns} 1-0

[Event "ICS rated blitz match"]
[Site "204.178.125.65"]
[Date "2001.07.02"]
[Round "?"]
[White "coolcol"]
[Black "Hossa"]
[Result "0-1"]
[WhiteElo "1257"]
[BlackElo "2514"]
[PlyCount "32"]
[EventDate "2001.??.??"]

1. d4 Nf6 2. c4 e6 3. Nc3 Bb4 4. Bd2 O-O 5. Nf3 d5 6. e3 c5 7. dxc5 Bxc5 8. Bd3
Nc6 9. Qe2 Nb4 10. O-O Nxd3 11. Qxd3 dxc4 12. Qxc4 b6 13. Rac1 Bb7 14. Ne5 Qxd2
15. Rfd1 Qxb2 16. Nd7 Nxd7 {coolcol resigns} 0-1

[Event "ICS rated standard match"]
[Site "204.178.125.65"]
[Date "2001.07.02"]
[Round "?"]
[White "Hossa"]
[Black "Accad"]
[Result "1-0"]
[WhiteElo "2305"]
[BlackElo "1712"]
[PlyCount "49"]
[EventDate "2001.??.??"]

1. d4 d5 2. c4 e6 3. Nc3 Nf6 4. Bg5 Be7 5. e3 c6 6. cxd5 exd5 7. Bd3 Qb6 8. Qe2
Bg4 9. Nf3 Nbd7 10. h3 Bh5 11. g4 Bg6 12. Bxg6 hxg6 13. O-O-O Ne4 14. Bxe7 Kxe7
15. Nxe4 dxe4 16. Nd2 f5 17. Rdg1 Kf8 18. gxf5 gxf5 19. Rg5 Qa5 20. Kb1 Rh6 21.
Rhg1 Rh7 22. Nxe4 Qd5 23. Ng3 Kg8 24. Nxf5 Qe4+ 25. Ka1 {Accad resigns} 1-0

[Event "ICS rated standard match"]
[Site "204.178.125.65"]
[Date "2001.07.02"]
[Round "?"]
[White "Accad"]
[Black "Hossa"]
[Result "0-1"]
[WhiteElo "1711"]
[BlackElo "2306"]
[PlyCount "24"]
[EventDate "2001.??.??"]

1. d4 Nf6 2. c4 e6 3. a3 d5 4. Nc3 dxc4 5. e4 c5 6. d5 b5 7. Bg5 Be7 8. f3 exd5
9. e5 Ng8 10. Bxe7 Nxe7 11. Nxb5 Qa5+ 12. b4 Qxb5 {Accad resigns} 0-1

[Event "ICS rated standard match"]
[Site "204.178.125.65"]
[Date "2001.07.02"]
[Round "?"]
[White "Hossa"]
[Black "Accad"]
[Result "1-0"]
[WhiteElo "2307"]
[BlackElo "1710"]
[PlyCount "46"]
[EventDate "2001.??.??"]

1. d4 Nf6 2. c4 e6 3. Nf3 Bb4+ 4. Nbd2 d5 5. a3 Bxd2+ 6. Nxd2 b6 7. e3 Bb7 8.
cxd5 exd5 9. b3 O-O 10. Be2 Nbd7 11. Bb2 Ne4 12. Nxe4 dxe4 13. O-O Nf6 14. Qc2
Rc8 15. Rfd1 Re8 16. Bc3 a5 17. b4 Qd5 18. bxa5 bxa5 19. Rdb1 Bc6 20. Bxa5 Qxa5
21. Qxc6 Re6 22. Qc4 h6 23. Rb5 Qd2 {Accad resigns} 1-0

[Event "ICS rated standard match"]
[Site "204.178.125.65"]
[Date "2001.07.02"]
[Round "?"]
[White "Hossa"]
[Black "Accad"]
[Result "1-0"]
[WhiteElo "2309"]
[BlackElo "1708"]
[PlyCount "64"]
[EventDate "2001.??.??"]

1. d4 Nf6 2. c4 e6 3. Nc3 Be7 4. e4 d6 5. Nf3 O-O 6. Bd3 h6 7. e5 dxe5 8. dxe5
Nfd7 9. O-O Nc5 10. Bc2 Qxd1 11. Rxd1 a6 12. Be3 Ncd7 13. Be4 Bc5 14. Bf4 Nb6
15. Bd3 Nc6 16. Rd2 Bd7 17. a3 Be8 18. Rad1 Kh8 19. b4 Be7 20. c5 Nd5 21. Nxd5
exd5 22. Bb1 Nd8 23. Rxd5 Ne6 24. Be3 Bc6 25. R5d3 Bxf3 26. gxf3 Bg5 27. Bxg5
hxg5 28. Rd7 Rad8 29. Bf5 Rxd7 30. Rxd7 Nf4 31. Rxc7 g6 32. Rc8 Rxc8 {
Accad resigns} 1-0

[Event "ICS rated standard match"]
[Site "204.178.125.65"]
[Date "2001.07.02"]
[Round "?"]
[White "Accad"]
[Black "Hossa"]
[Result "0-1"]
[WhiteElo "1707"]
[BlackElo "2310"]
[PlyCount "94"]
[EventDate "2001.??.??"]

1. d4 Nf6 2. c4 e6 3. Nf3 b6 4. Nc3 Bb7 5. e3 Be7 6. Bd3 O-O 7. e4 d5 8. e5 Ne4
9. O-O Nxc3 10. bxc3 dxc4 11. Bxc4 c5 12. Be3 cxd4 13. cxd4 Nc6 14. Be2 Nb4 15.
a3 Nd5 16. Qb3 Rc8 17. Rac1 Qd7 18. h3 Rfd8 19. Nd2 Nxe3 20. fxe3 Qd5 21. Qxd5
Bxd5 22. a4 Bb4 23. Nf3 Rxc1 24. Rxc1 Bxf3 25. Bxf3 Bd2 26. Rc7 Bxe3+ 27. Kf1
g6 28. Rxa7 Rxd4 29. Ra8+ Kg7 30. Ke2 Bf4 31. a5 Rd2+ 32. Ke1 bxa5 33. Rxa5 Rb2
34. Rc5 Bg3+ 35. Kd1 Bf2 36. Rc2 Rb1+ 37. Ke2 Bd4 38. Rd2 Bxe5 39. Rd7 Rb2+ 40.
Kd3 Kf6 41. Ke4 h5 42. Ra7 Rb4+ 43. Kd3 Rb3+ 44. Ke4 Bg3 45. Rd7 Bf2 46. Rd3
Rb4+ 47. Rd4 Rxd4# {Accad checkmated} 0-1

[Event "ICS rated standard match"]
[Site "204.178.125.65"]
[Date "2001.07.02"]
[Round "?"]
[White "Hossa"]
[Black "Accad"]
[Result "1-0"]
[WhiteElo "2311"]
[BlackElo "1706"]
[PlyCount "58"]
[EventDate "2001.??.??"]

1. d4 Nf6 2. c4 e6 3. Nf3 Bb4+ 4. Nbd2 d5 5. a3 Be7 6. e3 b6 7. b3 Bb7 8. cxd5
exd5 9. Bd3 Nbd7 10. Bb2 O-O 11. Qc2 h6 12. Ne5 c5 13. O-O Rc8 14. Nxd7 Qxd7
15. Bf5 Qc7 16. Bxc8 Rxc8 17. dxc5 Ng4 18. Nf3 bxc5 19. Qf5 Nf6 20. Rac1 Qb6
21. Nd2 Rc6 22. Bxf6 Bxf6 23. e4 dxe4 24. Nc4 Qxb3 25. Na5 Qb6 26. Nxc6 Bxc6
27. Qc8+ Kh7 28. Rb1 Bb5 29. a4 Ba6 {Accad resigns} 1-0

[Event "ICS rated standard match"]
[Site "204.178.125.65"]
[Date "2001.07.02"]
[Round "?"]
[White "Accad"]
[Black "Hossa"]
[Result "0-1"]
[WhiteElo "1705"]
[BlackElo "2312"]
[PlyCount "70"]
[EventDate "2001.??.??"]

1. d4 d5 2. Nf3 Nf6 3. b3 g6 4. Bb2 Bg7 5. Nbd2 O-O 6. h3 Ne4 7. e3 c5 8. Bd3
Qa5 9. O-O cxd4 10. exd4 Bf5 11. Re1 Nxd2 12. Nxd2 Bxd3 13. cxd3 Nc6 14. Nf3
Rac8 15. a3 Qb6 16. b4 Rfe8 17. Rc1 e6 18. Rc5 a5 19. b5 Nxd4 20. Rxc8 Nxf3+
21. Qxf3 Rxc8 22. Bxg7 Kxg7 23. a4 Qd4 24. Qe3 Qxa4 25. Qe5+ Kg8 26. Qf6 Qxb5
27. Rxe6 Rc1+ 28. Kh2 fxe6 29. Qxe6+ Kf8 30. Qf6+ Ke8 31. Qh8+ Kd7 32. Qxh7+
Kc8 33. Qg8+ Kc7 34. Qg7+ Qd7 35. Qe5+ Qd6 {Accad resigns} 0-1

[Event "ICS rated bullet match"]
[Site "204.178.125.65"]
[Date "2001.07.02"]
[Round "?"]
[White "Hossa"]
[Black "EroeInrico"]
[Result "1-0"]
[WhiteElo "2463"]
[BlackElo "2093"]
[PlyCount "35"]
[EventDate "2001.??.??"]

1. d4 Nf6 2. c4 e6 3. Nc3 c5 4. d5 exd5 5. cxd5 d6 6. e4 g6 7. f4 Bg7 8. Bb5+
Nfd7 9. Nf3 O-O 10. O-O Na6 11. Bxa6 bxa6 12. Re1 Rb8 13. e5 dxe5 14. fxe5 Re8
15. Bg5 Qa5 16. e6 fxe6 17. Rxe6 Nb6 18. Rxe8+ {EroeInrico resigns} 1-0

[Event "ICS rated blitz match"]
[Site "204.178.125.65"]
[Date "2001.07.02"]
[Round "?"]
[White "thomster"]
[Black "Hossa"]
[Result "0-1"]
[WhiteElo "1946"]
[BlackElo "2514"]
[PlyCount "104"]
[EventDate "2001.??.??"]

1. e4 c5 2. Nf3 d6 3. d4 Nf6 4. Nc3 cxd4 5. Nxd4 Nc6 6. Be3 e5 7. Nb3 Be6 8.
Qd2 Ng4 9. Bg5 f6 10. Bh4 g6 11. Bg3 f5 12. h3 Bh6 13. f4 Nf6 14. O-O-O Nxe4
15. Nxe4 fxe4 16. Kb1 O-O 17. Qxd6 Qxd6 18. Rxd6 Bxb3 19. axb3 exf4 20. Bc4+
Kh8 21. Be1 Rad8 22. Bc3+ Bg7 23. Rhd1 Rxd6 24. Rxd6 Bxc3 25. bxc3 e3 26. Kc1
Re8 27. Kd1 Rd8 28. Rxd8+ Nxd8 29. Ke2 Kg7 30. Kf3 g5 31. g3 fxg3 32. Kxe3 h5
33. Kf3 h4 34. Bd5 Kf6 35. Kg4 b6 36. Bg2 Ne6 37. Kf3 Nf4 38. Bh1 Nxh3 39. Kg4
Nf2+ 40. Kf3 Nxh1 41. Kg2 Nf2 42. Kf3 g4+ 43. Ke3 Ke5 44. c4 h3 45. c5 Nd1+ 46.
Kd3 g2 47. c6 Nf2+ 48. Kc4 Kd6 49. Kd4 g1=Q 50. c7 Qd1+ 51. Ke3 Qe1+ 52. Kf4
Qe5# {thomster checkmated} 0-1

[Event "ICS rated blitz match"]
[Site "204.178.125.65"]
[Date "2001.07.02"]
[Round "?"]
[White "Hossa"]
[Black "cfd"]
[Result "1-0"]
[WhiteElo "2515"]
[BlackElo "2310"]
[PlyCount "41"]
[EventDate "2001.??.??"]

1. c4 g6 2. d4 Bg7 3. e4 d6 4. Nf3 Nf6 5. Bd3 O-O 6. Nc3 Bg4 7. Be3 Nfd7 8. h3
Bxf3 9. gxf3 Nc6 10. Be2 e5 11. dxe5 dxe5 12. Qd2 Nd4 13. O-O-O c6 14. f4 Qa5
15. fxe5 Nxe2+ 16. Qxe2 Nxe5 17. f4 Nxc4 18. Qxc4 b5 19. Qb3 c5 20. Bxc5 Rfc8
21. Rd7 {cfd resigns} 1-0

[Event "ICS Rated blitz match"]
[Site "204.178.125.65"]
[Date "2001.07.05"]
[Round "?"]
[White "AlperEfe"]
[Black "Hossa"]
[Result "1/2-1/2"]
[WhiteElo "2157"]
[BlackElo "2561"]
[PlyCount "72"]
[EventDate "2001.??.??"]

1. e4 e6 2. d4 d5 3. Nc3 Bb4 4. e5 b6 5. Qg4 g6 6. a3 Be7 7. h4 f5 8. Qg3 c5 9.
Nf3 Bd7 10. Bb5 a6 11. Bxd7+ Qxd7 12. h5 g5 13. Bxg5 Bxg5 14. Qxg5 Nc6 15.
O-O-O h6 16. Qg6+ Qf7 17. Qxf7+ Kxf7 18. Rhe1 cxd4 19. Nxd4 Nge7 20. f4 Rhg8
21. Re2 Rg4 22. Rf2 Rh4 23. Nxc6 Nxc6 24. Ne2 Rxh5 25. c4 dxc4 26. Rd7+ Ne7 27.
Rc7 Rh2 28. Nd4 b5 29. Nc6 Re8 30. Rd2 Kf8 31. Rdd7 Nxc6 32. Rf7+ Kg8 33. Rg7+
Kh8 34. Rh7+ Kg8 35. Rhg7+ Kh8 36. Rh7+ Kg8 {Game drawn by mutual agreement}
1/2-1/2

[Event "ICS Rated blitz match"]
[Site "204.178.125.65"]
[Date "2001.07.05"]
[Round "?"]
[White "Hossa"]
[Black "AlperEfe"]
[Result "1-0"]
[WhiteElo "2552"]
[BlackElo "2190"]
[PlyCount "89"]
[EventDate "2001.??.??"]

1. Nf3 d5 2. d4 Nf6 3. c4 e6 4. Nc3 c6 5. e3 Nbd7 6. Bd2 Bd6 7. cxd5 exd5 8.
Bd3 O-O 9. Qc2 Re8 10. O-O-O Nf8 11. h4 b5 12. Kb1 a5 13. Ng5 a4 14. Ne2 b4 15.
Qxc6 Bg4 16. f3 Bh5 17. g4 Bg6 18. Bxg6 hxg6 19. h5 Ne6 20. Nxe6 Rxe6 21. hxg6
fxg6 22. g5 Nh5 23. Qxd5 Qe8 24. e4 Rd8 25. Qb7 Rd7 26. Qb5 Qe7 27. Qxa4 Ra7
28. Qc6 Rc7 29. Qb5 Rb7 30. Qd5 b3 31. axb3 Qf7 32. Qc4 Rc7 33. Qd3 Re8 34. Qa6
Bf8 35. Rc1 Rec8 36. Rxc7 Rxc7 37. Qd3 Rb7 38. Kc2 Rc7+ 39. Bc3 Nf4 40. Nxf4
Qxf4 41. Qe2 Qxg5 42. Kd1 Bb4 43. Qa6 Bxc3 44. Qe6+ Kf8 45. Rh8# {
AlperEfe checkmated} 1-0

[Event "ICS Rated blitz match"]
[Site "204.178.125.65"]
[Date "2001.07.05"]
[Round "?"]
[White "Amateur"]
[Black "Hossa"]
[Result "1/2-1/2"]
[WhiteElo "2546"]
[BlackElo "2556"]
[PlyCount "142"]
[EventDate "2001.??.??"]

1. Nf3 d5 2. g3 c5 3. Bg2 Nc6 4. O-O e5 5. d3 Be7 6. Nc3 d4 7. Nb5 Nf6 8. c3 a6
9. Na3 O-O 10. cxd4 exd4 11. Nc4 Re8 12. Bf4 Nd5 13. Qd2 Ncb4 14. a3 Nxf4 15.
Qxf4 Nd5 16. Qd2 b5 17. Na5 Bf5 18. Nc6 Qd6 19. Nxe7+ Nxe7 20. Nh4 Rab8 21. Qg5
Be6 22. Rac1 Rbc8 23. Qh5 Qd7 24. Bf3 Nd5 25. Rfe1 Nf6 26. Qg5 c4 27. dxc4 bxc4
28. Red1 Rb8 29. Rc2 Rb5 30. Qf4 d3 31. Rcd2 Rb3 32. Ng2 Bd5 33. exd3 Bxf3 34.
Qxf3 Nd5 35. Re2 Rd8 36. Qe4 c3 37. Rde1 Rf8 38. Qc4 Qb5 39. bxc3 Rxc3 40. a4
Qxc4 41. dxc4 Rxc4 42. Re4 Rc2 43. Ne3 Nxe3 44. R1xe3 f5 45. Re7 f4 46. R3e6
fxg3 47. fxg3 Rd8 48. Re8+ Rxe8 49. Rxe8+ Kf7 50. Ra8 Rc6 51. Ra7+ Kf6 52. a5
Re6 53. g4 g6 54. Kg2 h6 55. Rb7 Ke5 56. Kf3 Rd6 57. Ra7 Kd4 58. h4 g5 59. hxg5
hxg5 60. Ra8 Rf6+ 61. Kg3 Re6 62. Kf3 Rd6 63. Ra7 Rf6+ 64. Kg3 Rc6 65. Kf3 Kc4
66. Rf7 Kb4 67. Rf5 Rc3+ 68. Ke4 Rc4+ 69. Kf3 Rc3+ 70. Ke4 Rc4+ 71. Kf3 Rc3+ {
Game drawn by repetition} 1/2-1/2